00470nam a2200169Ia 4500003000400000005001700004008004100021020001800062040000900080082001900089100001800108245008200126260004400208300000900252650001400261700002500275OSt20191221111604.0190216s9999||||xx |||||||||||||| ||und|| a9780195644593 coclc a338.954bDRE/I aDreze, Jean  0aIndian Development Selected Regional Perspectives /cJean Dreze ; Amartya Sen bOxford University Press,c1998.aDelhi: a420p aEconomics1 aSen, Amartya,d1933-